The Commonhold Regulations 2004 (Record no. 103976)
[ view plain ]
| 000 -LEADER | |
|---|---|
| fixed length control field | 01367cam a2200205 4500 |
| 008 - FIXED-LENGTH DATA ELEMENTS--GENERAL INFORMATION | |
| fixed length control field | 050128n2004 000 0 eng u |
| 020 ## - INTERNATIONAL STANDARD BOOK NUMBER | |
| International Standard Book Number | 0110497139 |
| 035 ## - SYSTEM CONTROL NUMBER | |
| System control number | (Sirsi) u128669 |
| 041 ## - LANGUAGE CODE | |
| Language code of text/sound track or separate title | eng |
| 245 #4 - TITLE STATEMENT | |
| Title | The Commonhold Regulations 2004 |
| 260 ## - PUBLICATION, DISTRIBUTION, ETC. | |
| Place of publication, distribution, etc. | London |
| Name of publisher, distributor, etc. | HMSO |
| Date of publication, distribution, etc. | 2004 |
| 490 ## - SERIES STATEMENT | |
| Series statement | SI |
| Volume/sequential designation | 2004: 1829 |
| 520 ## - SUMMARY, ETC. | |
| Summary, etc. | Part I contains general provisions, Part II deals with the registration of a freehold estate in land as a freehold estate in commonhold land, and Part III contains provisions which the commonhold community statement must contain when defining the extent of a commonhold unit. Part IV specifies the requirements for the name of a commonhold statement, makes provision for the form and content of the commonhold community statement and the memorandum and articles of association of a commonhold association and specifies the forms to be used. Part V deals with the operation of a commonhold whilst Part VI makes provision for the termination of a commonhold. For further details see Explanatory note. View at www.legislation.hmso.gov.uk |
| 590 ## - LOCAL NOTE (RLIN) | |
| Local note | CLR |
| 650 ## - SUBJECT ADDED ENTRY--TOPICAL TERM | |
| Topical term or geographic name entry element | COMMONHOLD AND LEASEHOLD REFORM ACT 2002 |
| 650 ## - SUBJECT ADDED ENTRY--TOPICAL TERM | |
| Topical term or geographic name entry element | COMMONHOLD REGULATIONS 2004 |
| 690 ## - LOCAL SUBJECT ADDED ENTRY--TOPICAL TERM (OCLC, RLIN) | |
| Topical term or geographic name as entry element | LANDLORD AND TENANT-LEASEHOLD REFORM |
| 856 ## - ELECTRONIC LOCATION AND ACCESS | |
| Uniform Resource Identifier | <a href="https://www.legislation.hmso.gov.uk/si/si2004/20041829.htm">https://www.legislation.hmso.gov.uk/si/si2004/20041829.htm</a> |
| Public note | View the Regulations on the HMSO website... |
| 942 ## - ADDED ENTRY ELEMENTS (KOHA) | |
| Suppress in OPAC | 0 |
| Withdrawn status | Lost status | Source of classification or shelving scheme | Damaged status | Not for loan | Home library | Current library | Shelving location | Date acquired | Total Checkouts | Full call number | Barcode | Date last seen | Copy number | Price effective from | Koha item type |
|---|---|---|---|---|---|---|---|---|---|---|---|---|---|---|---|
| Dewey Decimal Classification | Virtual | Virtual | Online | 28/01/2005 | ONLINE PUBLICATION | 128669-2001 | 06/08/2019 | 1 | 06/08/2019 | Book |